000 00320nam a22001337a 4500
008 181029b xxu||||| |||| 00| 0 eng d
020 _a9780072969108
041 _aeng
080 _23 ED
_a510
100 _a39
101 _aMAT
245 _aPrealgebra Mathematics For Variable World
_cBach.d.J
942 _2udc
_cBK
999 _c51034
_d51034